000
00322nam a2200133Ia 4500
008
231017s9999 xx 000 0 und d
082
_a
625.84
082
_b
KHA
245
0
_a
NCHRP Report 637: Guidelines for Dowel Allignment in Concrete Pavements
245
0
_c
TRB
260
_b
TRB
300
_c
30cm
942
_c
REP
999
_c
604848
_d
604848